[Event "40th Olympiad Women"]
[Site "Istanbul TUR"]
[Date "2012.09.05"]
[Round "8.15"]
[Board "3"]
[White "Krivec, Jana"]
[Black "Franco Valencia, Beatriz Irene"]
[Result "1-0"]
[WhiteTitle "WGM"]
[BlackTitle "WFM"]
[WhiteElo "2240"]
[BlackElo "2253"]
[WhiteTeam "Slovenia"]
[BlackTeam "Colombia"]
[WhiteFideId "14601982"]
[BlackFideId "4402618"]
[EventDate "2012.08.28"]

1. e4 e5 2. Nc3 Nc6 3. Bc4 Nf6 4. d3 h6 5. f4 Bb4 6. Ne2 d5 7. exd5 Nxd5 8. Bxd5
Qxd5 9. O-O Qd8 10. f5 Nd4 11. Ng3 Qh4 12. Nce4 Ba5 13. c3 Nc6 14. Nh5 Bb6+ 15.
Kh1 O-O 16. Bxh6 gxh6 17. Qd2 1-0

[Event "40th Olympiad Women"]
[Site "Istanbul TUR"]
[Date "2012.09.05"]
[Round "8.15"]
[Board "4"]
[White "Castrillon Gomez, Melissa"]
[Black "Srebrnic, Ana"]
[Result "1/2-1/2"]
[WhiteTitle "WFM"]
[BlackTitle "WGM"]
[WhiteElo "2181"]
[BlackElo "2211"]
[WhiteTeam "Colombia"]
[BlackTeam "Slovenia"]
[WhiteFideId "4402413"]
[BlackFideId "14603314"]
[EventDate "2012.08.28"]

1. e4 d6 2. Nc3 e5 3. g3 g6 4. Bg2 Bg7 5. Nge2 h5 6. h3 Nc6 7. d3 Be6 8. Be3 Nd4
9. f4 Qd7 10. Bf2 c5 11. Nd5 Nxe2 12. Qxe2 exf4 13. gxf4 Bxd5 14. exd5+ Kf8 15.
O-O-O Qa4 16. Kb1 Qxf4 17. Rde1 Qe5 18. Qxe5 Bxe5 19. Bxc5 Ne7 20. Bb4 a5 21.
Bd2 Nf5 22. Be4 Ng3 23. Rhg1 h4 24. c3 Re8 25. Bf3 Kg7 26. d4 Bf6 27. Bf4 Rxe1+
28. Rxe1 Rd8 29. Bg4 b6 30. Kc2 Kf8 31. Kd3 b5 32. b3 Kg7 33. c4 b4 34. a3 bxa3
35. Ra1 Be7 36. Rxa3 f5 37. Bf3 Ra8 38. c5 g5 39. cxd6 Bd8 40. Be5+ Kg6 41. b4
a4 42. Bd1 Ne4 43. Ke3 Nf6 44. Bxf6 Kxf6 45. Kf3 Bb6 46. Rxa4 Rxa4 47. Bxa4 Bxd4
48. d7 Bb6 49. Bc2 1/2-1/2

[Event "40th Olympiad Women"]
[Site "Istanbul TUR"]
[Date "2012.09.05"]
[Round "8.16"]
[Board "2"]
[White "Pokorna, Regina"]
[Black "Casusol, Cecilia"]
[Result "1-0"]
[WhiteTitle "WGM"]
[WhiteElo "2353"]
[BlackElo "2030"]
[WhiteTeam "Slovakia"]
[BlackTeam "Peru"]
[WhiteFideId "14902052"]
[BlackFideId "3803163"]
[EventDate "2012.08.28"]

1. e4 c5 2. Nf3 Nc6 3. d4 cxd4 4. Nxd4 Nf6 5. Nc3 e5 6. Ndb5 d6 7. a4 a6 8. Na3
Be6 9. Bc4 Bxc4 10. Nxc4 Rc8 11. Bg5 Nd4 12. Bxf6 Qxf6 13. Ne3 Be7 14. Ncd5 Qh4
15. Nxe7 Nxc2+ 16. Nxc2 Qxe4+ 17. Ne3 Kxe7 18. O-O Rhd8 19. Qb3 Kf8 20. Rfd1 Rc7
21. Rd5 h5 22. Rad1 Ke7 23. Qa3 Rcd7 24. f3 Qf4 25. Rxd6 Rxd6 26. Rxd6 Ke8 27.
Rxd8+ Kxd8 28. Qd3+ Ke8 29. Qe4 Qg5 30. Kf2 Qe7 31. b4 g6 32. Qc4 Qd7 33. b5 a5
34. Qd5 Qc7 35. Nc4 b6 36. Qxe5+ Qxe5 37. Nxe5 1-0

[Event "40th Olympiad Women"]
[Site "Istanbul TUR"]
[Date "2012.09.05"]
[Round "8.16"]
[Board "4"]
[White "Machalova, Veronika"]
[Black "Sanchez Zambrano, Vanessa"]
[Result "1/2-1/2"]
[WhiteTitle "WFM"]
[WhiteElo "2222"]
[BlackElo "1858"]
[WhiteTeam "Slovakia"]
[BlackTeam "Peru"]
[WhiteFideId "14904888"]
[BlackFideId "3804925"]
[EventDate "2012.08.28"]

1. e4 c5 2. Nf3 d6 3. d4 cxd4 4. Nxd4 Nf6 5. Nc3 a6 6. Be2 e5 7. Nb3 Be7 8. O-O
O-O 9. Re1 Be6 10. Bf3 Nbd7 11. a4 Nb6 12. Nd2 Rc8 13. Nf1 Qc7 14. Ne3 g6 15. h3
Qc5 16. Re2 Nc4 17. b3 Nxe3 18. Rxe3 Rfd8 19. Bb2 Bf8 20. Re2 Bh6 21. Qd3 Qa5
22. g4 Bf4 23. Bg2 Qc5 24. Rd1 Kg7 25. Qf3 g5 26. Qd3 Rd7 27. Nd5 Bxd5 28. exd5
Re7 29. Qf5 Rh8 30. Rd3 Qc8 31. Qxc8 Rxc8 32. c4 Kg6 33. Be4+ Nxe4 34. Rxe4 f5
35. gxf5+ Kxf5 36. f3 h5 37. Ba3 Rd7 38. Re2 b6 39. Bb4 Rg8 40. Be1 g4 41. fxg4+
hxg4 42. hxg4+ Rxg4+ 43. Rg2 Rdg7 44. Rxg4 Rxg4+ 45. Kf1 e4 46. Rh3 e3 47. a5
bxa5 48. Bxa5 Ke4 49. Be1 Kd3 50. Rf3 Kc2 51. c5 dxc5 52. d6 Bxd6 53. Rxe3 Rd4
54. Ke2 Bf8 55. Ba5 Rh4 56. Rc3+ Kb2 57. Rf3 Rh2+ 58. Kd3 Be7 59. Kc4 Rh4+ 60.
Kd5 Rh5+ 61. Kc4 Rh4+ 62. Kd5 Rh6 63. Kc4 Rh4+ 64. Kd5 Rh5+ 65. Ke4 1/2-1/2

[Event "40th Olympiad Women"]
[Site "Istanbul TUR"]
[Date "2012.09.05"]
[Round "8.17"]
[Board "3"]
[White "Chandrasiri, S A K"]
[Black "De Rosa, Mariagrazia"]
[Result "0-1"]
[BlackTitle "WFM"]
[WhiteElo "1731"]
[BlackElo "2087"]
[WhiteTeam "Sri Lanka"]
[BlackTeam "Italy"]
[WhiteFideId "9905049"]
[BlackFideId "815136"]
[EventDate "2012.08.28"]

1. d4 d5 2. c4 dxc4 3. Nf3 Nf6 4. e3 a6 5. a4 e6 6. Bxc4 c5 7. O-O Qc7 8. Bd3
Nc6 9. Nc3 cxd4 10. exd4 Be7 11. Re1 Nb4 12. Bb1 O-O 13. Bd2 Rd8 14. Ne4 Nbd5
15. Ne5 Bd7 16. Qf3 Be8 17. Qg3 Rac8 18. Qh3 Nxe4 19. Bxe4 Nf6 20. Bc3 Nxe4 21.
Rxe4 Bf6 22. Qe3 Bc6 23. Rg4 Rd5 24. Rg3 Rcd8 25. Re1 Bxa4 26. Qh6 Kh8 27. Qh5
Bxe5 28. dxe5 Bc2 29. Qg4 Bg6 30. h4 h5 31. Qa4 R8d7 32. Qb4 Qd8 33. Rge3 Rd1
34. Kh2 Kh7 35. g3 Rxe1 36. Rxe1 Qc8 37. Qb3 Qc6 38. Rd1 Qf3 39. Rf1 Be4 40. Rg1
Qxf2+ 0-1

[Event "40th Olympiad Women"]
[Site "Istanbul TUR"]
[Date "2012.09.05"]
[Round "8.17"]
[Board "4"]
[White "Barbiso, Tiziana"]
[Black "Basnayake, I U"]
[Result "0-1"]
[WhiteElo "2048"]
[BlackElo "1788"]
[WhiteTeam "Italy"]
[BlackTeam "Sri Lanka"]
[WhiteFideId "809098"]
[BlackFideId "9901698"]
[EventDate "2012.08.28"]

1. e4 c5 2. Nc3 Nc6 3. f4 g6 4. Nf3 Bg7 5. Bb5 Nd4 6. a4 a6 7. Bd3 d6 8. Nxd4
Bxd4 9. Ne2 Bg7 10. c3 Nf6 11. O-O O-O 12. Bc2 Ne8 13. f5 Kh8 14. Kh1 Rb8 15. d4
cxd4 16. Nxd4 Nf6 17. Qe1 Kg8 18. Qh4 Bd7 19. Bg5 Qb6 20. Rab1 Qc7 21. Rf3 b5
22. Rh3 h5 23. axb5 axb5 24. Bb3 b4 25. Re3 Kh7 26. Qe1 Ng4 27. Rf3 d5 28. Bf4
Be5 29. Bxe5 Qxe5 30. g3 dxe4 31. Rf1 gxf5 32. Ne2 e3 33. Nf4 Qe4+ 34. Ng2 Nf2+
35. Kg1 Qxg2+ 36. Kxg2 Bc6+ 0-1

[Event "40th Olympiad Women"]
[Site "Istanbul TUR"]
[Date "2012.09.05"]
[Round "8.18"]
[Board "3"]
[White "Kaya, Emel"]
[Black "Linares Napoles, Oleiny"]
[Result "1-0"]
[WhiteTitle "WCM"]
[BlackTitle "WGM"]
[WhiteElo "1974"]
[BlackElo "2355"]
[WhiteTeam "Turkey"]
[BlackTeam "Cuba"]
[WhiteFideId "6306411"]
[BlackFideId "3504794"]
[EventDate "2012.08.28"]

1. e4 d6 2. d4 Nf6 3. Nc3 g6 4. f4 Bg7 5. Nf3 c5 6. dxc5 Qa5 7. Qd4 dxc5 8. Bb5+
Nbd7 9. Qa4 Qxa4 10. Bxa4 Rb8 11. e5 Ng4 12. Bb3 h5 13. Ng5 e6 14. Nb5 Ndxe5 15.
Nd6+ Ke7 16. fxe5 Nxe5 17. Bf4 Bd7 18. Bxe5 Bxe5 19. Ndxf7 Bxb2 20. Rd1 Bc3+ 21.
Ke2 Bb5+ 22. Kf2 Rhf8 23. Bxe6 Be8 24. Kg3 Bxf7 25. Bxf7 Rxf7 26. Nxf7 Kxf7 27.
Rd5 Bd4 28. Re1 a5 29. Rd7+ Kf6 30. Rd6+ Kf5 31. Rd7 Be5+ 32. Kf3 Ke6 33. Rd3
Rf8+ 34. Ke2 c4 35. Re3 b5 36. h3 b4 37. a4 Rf5 38. g4 hxg4 39. hxg4 Rg5 40. Kf3
Kd5 41. Rd1+ Kc6 42. Rd8 Bc7 43. Re6+ Kb7 44. Rd4 Rc5 45. Ree4 c3 46. Rc4 Rxc4
47. Rxc4 g5 48. Ke4 Bb6 49. Kd5 Be3 50. Re4 Bd2 51. Kc4 Bf4 52. Re6 Bd2 53. Kc5
Bf4 54. Rc6 Bb8 55. Kb5 Bc7 56. Rc5 Bb6 57. Rc4 Bd8 58. Re4 Bb6 59. Re6 Bc7 60.
Rg6 Bd8 61. Rg7+ Kc8 62. Rf7 Kb8 63. Kc6 Kc8 64. Rf8 b3 65. cxb3 c2 66. Rf1 Bf6
67. Rc1 1-0

[Event "40th Olympiad Women"]
[Site "Istanbul TUR"]
[Date "2012.09.05"]
[Round "8.18"]
[Board "4"]
[White "Llaudy Pupo, Lisandra"]
[Black "Cemhan, Kardelen"]
[Result "1-0"]
[WhiteTitle "WIM"]
[BlackTitle "WCM"]
[WhiteElo "2264"]
[BlackElo "1938"]
[WhiteTeam "Cuba"]
[BlackTeam "Turkey"]
[WhiteFideId "3506487"]
[BlackFideId "6325670"]
[EventDate "2012.08.28"]

1. e4 c5 2. Nf3 e6 3. d4 cxd4 4. Nxd4 Nc6 5. Nb5 d6 6. c4 Nf6 7. N1c3 a6 8. Na3
Be7 9. Be2 O-O 10. O-O b6 11. Be3 Bb7 12. Qb3 Nd7 13. Rfd1 Qc7 14. Rac1 Nc5 15.
Qc2 Rac8 16. Qb1 Nb4 17. Nc2 Nxc2 18. Qxc2 Rfd8 19. f3 Qb8 20. b4 Nd7 21. Qb3 h6
22. a3 Ba8 23. Rc2 Ne5 24. f4 Nd7 25. f5 exf5 26. exf5 Nf6 27. Rcd2 Ne4 28. Nxe4
Bxe4 29. Bg4 Bf6 30. Bd4 Qc7 31. Bxf6 gxf6 32. Qe3 Bb7 33. Qxh6 Qxc4 34. Rd4 Qc2
35. Bh3 Be4 36. Qxf6 d5 37. Qg5+ Kh8 38. Qh6+ 1-0

[Event "40th Olympiad Women"]
[Site "Istanbul TUR"]
[Date "2012.09.05"]
[Round "8.19"]
[Board "2"]
[White "Johansson, Viktoria"]
[Black "Sharevich, Anna"]
[Result "1/2-1/2"]
[WhiteTitle "WIM"]
[BlackTitle "WGM"]
[WhiteElo "2179"]
[BlackElo "2261"]
[WhiteTeam "Sweden"]
[BlackTeam "Belarus"]
[WhiteFideId "1701940"]
[BlackFideId "13503189"]
[EventDate "2012.08.28"]

1. d4 d5 2. c4 e6 3. Nc3 Be7 4. cxd5 exd5 5. Bf4 c6 6. Qc2 Bd6 7. Bxd6 Qxd6 8.
e3 Ne7 9. Bd3 g6 10. Nge2 Bf5 11. O-O O-O 12. f3 Na6 13. a3 Bxd3 14. Qxd3 Nc7
15. e4 dxe4 16. fxe4 Rad8 17. Rad1 f6 18. Qe3 Qd7 19. h4 Rde8 20. Qg3 f5 21. h5
fxe4 22. Rxf8+ Rxf8 23. hxg6 Nxg6 24. Nxe4 Nd5 25. N2c3 Qf5 26. Re1 Nf4 27. Ng5
Nh5 28. Qe3 h6 29. Nf3 Nhf4 30. Ne2 Qg4 31. Nxf4 Nxf4 32. Qd2 Qg3 33. Kh1 Nxg2
34. Rg1 Rxf3 35. Qxh6 Qh3+ 36. Qxh3 Rxh3+ 37. Kxg2 Rb3 38. Kf1+ Kf7 39. Rg2 Rd3
40. Rh2 Ke6 41. Rh7 Rb3 42. Rh2 Kd5 43. Ke1 Kxd4 44. Kd1 b5 45. Kc2 Re3 46. Rh4+
Kc5 47. Rh5+ Kb6 48. Rh4 a5 49. Rg4 a4 50. Rh4 Kc5 51. Rg4 Kd5 52. Rh4 c5 53.
Rg4 Re4 54. Rg3 b4 55. axb4 cxb4 56. Rg8 Re2+ 57. Kc1 Kc4 58. Rg3 Rh2 59. Rf3
Rh4 60. Rg3 Rd4 61. Kc2 Rf4 62. Kc1 Kd4 63. Rh3 Re4 64. Kd2 Rg4 65. Rh2 Kc4 66.
Rh3 Rg2+ 67. Kc1 Re2 68. Rg3 Kd4 69. Rh3 Re3 70. Rh8 Kc4 71. Kc2 Re2+ 72. Kb1
Re1+ 73. Kc2 b3+ 74. Kd2 Re5 75. Rc8+ Kb4 76. Rb8+ Rb5 77. Rh8 a3 78. bxa3+ Kxa3
79. Kc1 Ra5 80. Kb1 Ra7 1/2-1/2

[Event "40th Olympiad Women"]
[Site "Istanbul TUR"]
[Date "2012.09.05"]
[Round "8.19"]
[Board "3"]
[White "Revo, Tatiana"]
[Black "Andersson, Christin"]
[Result "0-1"]
[BlackTitle "WIM"]
[WhiteElo "2058"]
[BlackElo "2074"]
[WhiteTeam "Belarus"]
[BlackTeam "Sweden"]
[WhiteFideId "13506480"]
[BlackFideId "1702947"]
[EventDate "2012.08.28"]

1. e4 e6 2. d4 d5 3. Nd2 Nf6 4. e5 Nfd7 5. Bd3 c5 6. c3 Nc6 7. Ne2 cxd4 8. cxd4
Qb6 9. Nf3 f6 10. exf6 Nxf6 11. O-O Bd6 12. Rb1 Nb4 13. Bf4 Nxd3 14. Qxd3 Be7
15. Rfc1 Bd7 16. Bc7 Qb5 17. Qxb5 Bxb5 18. Nf4 Rc8 19. Ba5 Bd7 20. Ng5 Bd6 21.
Rxc8+ Bxc8 22. Rc1 Bd7 23. Bc7 Bxf4 24. Bxf4 h6 25. Nf3 O-O 26. Ne5 Rc8 27.
Rxc8+ Bxc8 28. f3 Kf8 29. h4 Bd7 30. Nxd7+ Nxd7 31. Kf2 Ke7 32. Ke3 Kf6 33. Bc7
h5 34. Kf4 g6 35. g4 b5 36. Bd8+ Kf7 37. Bc7 Ke7 38. gxh5 gxh5 39. Kg5 Kf7 40.
f4 Nf6 41. Be5 Ne4+ 42. Kxh5 a5 43. Bc7 a4 44. Be5 b4 45. Kh6 Nc3 46. Bd6 Nxa2
47. Kg5 a3 48. b3 Nc3 49. Bxb4 Nb5 50. Bxa3 Nxa3 51. f5 Nb5 52. fxe6+ Kxe6 53.
Kf4 Nxd4 54. b4 Nb5 55. Kg5 d4 56. h5 d3 57. h6 0-1

[Event "40th Olympiad Women"]
[Site "Istanbul TUR"]
[Date "2012.09.05"]
[Round "8.19"]
[Board "4"]
[White "Fransson, Angelina"]
[Black "Nevioselaya, Maria"]
[Result "1/2-1/2"]
[WhiteElo "1968"]
[BlackElo "2057"]
[WhiteTeam "Sweden"]
[BlackTeam "Belarus"]
[WhiteFideId "1712632"]
[BlackFideId "13502280"]
[EventDate "2012.08.28"]

1. e4 e5 2. Nf3 Nc6 3. d4 exd4 4. Bc4 Nf6 5. e5 Ne4 6. O-O Be7 7. Bd5 Nc5 8. Re1
O-O 9. Nxd4 Nxd4 10. Qxd4 c6 11. Bf3 d5 12. exd6 Qxd6 13. Be3 Be6 14. Nc3 Qxd4
15. Bxd4 Rfd8 16. Be3 Rd7 17. Red1 Rad8 18. Rxd7 Rxd7 19. Rd1 Bf5 20. Rxd7 Nxd7
21. Be4 Bxe4 22. Nxe4 b6 23. Kf1 f5 24. Nd2 Nf6 25. Bd4 Nd5 26. c4 Nb4 27. a3
Nd3 28. Ke2 Nf4+ 29. Kf3 Ne6 30. Be5 Kf7 31. b4 h5 32. Ke3 a5 33. c5 axb4 34.
cxb6 Bc5+ 35. Ke2 Bxb6 36. axb4 Nd4+ 37. Kd3 Nb5 38. f4 Bd8 39. Nf3 g6 40. Bb2
Bc7 41. Ne5+ Bxe5 42. fxe5 Nc7 43. h4 Ke6 44. Kc4 Nd5 45. g3 Nb6+ 46. Kd4 Nd7
47. Kc4 Nb6+ 48. Kd4 Nd7 49. Kc4 1/2-1/2

[Event "40th Olympiad Women"]
[Site "Istanbul TUR"]
[Date "2012.09.05"]
[Round "8.20"]
[Board "1"]
[White "Zozulia, Anna"]
[Black "Peng, Zhaoqin"]
[Result "1/2-1/2"]
[WhiteTitle "IM"]
[BlackTitle "GM"]
[WhiteElo "2346"]
[BlackElo "2411"]
[WhiteTeam "Belgium"]
[BlackTeam "Netherlands"]
[WhiteFideId "14102110"]
[BlackFideId "1004786"]
[EventDate "2012.08.28"]

1. c4 e5 2. Nc3 Nc6 3. a3 g6 4. g3 Bg7 5. Bg2 d6 6. e3 Nge7 7. Nge2 O-O 8. O-O
Be6 9. Nd5 Rb8 10. Nec3 a6 11. b4 b5 12. cxb5 axb5 13. Bb2 Qd7 14. Qc2 Rfc8 15.
Rfc1 f5 16. d3 Kh8 17. f4 Qe8 18. Nxe7 Nxe7 19. fxe5 dxe5 20. Ne2 c5 21. bxc5
Bd5 22. e4 fxe4 23. Bxe4 Qc6 24. Nc3 Qxc5+ 25. Qf2 Qxf2+ 26. Kxf2 Be6 27. Nd1
Nf5 28. Rxc8+ Rxc8 29. Rc1 Rf8 30. Kg2 Nd4 31. Rc5 Rb8 32. Bc3 Rc8 33. Rxc8+
Bxc8 34. Bb4 Bf6 35. Nc3 Kg7 36. Nd5 Be6 37. Nxf6 Kxf6 38. Kf2 Bf5 39. Bc5 Ne6
40. Bb4 Nd4 41. Bc5 Nb3 42. Bb4 Nd4 43. Bc5 Nb3 1/2-1/2

[Event "40th Olympiad Women"]
[Site "Istanbul TUR"]
[Date "2012.09.05"]
[Round "8.20"]
[Board "2"]
[White "Lanchava, Tea"]
[Black "Goossens, Hanne"]
[Result "1-0"]
[WhiteTitle "IM"]
[WhiteElo "2351"]
[BlackElo "1998"]
[WhiteTeam "Netherlands"]
[BlackTeam "Belgium"]
[WhiteFideId "1005308"]
[BlackFideId "200468"]
[EventDate "2012.08.28"]

1. d4 Nf6 2. c4 g6 3. Nc3 d5 4. cxd5 Nxd5 5. Bd2 Nxc3 6. Bxc3 Qd5 7. f3 Bg7 8.
e4 Qd7 9. Bc4 b5 10. Bb3 a5 11. a3 O-O 12. Ne2 Bb7 13. O-O Nc6 14. d5 Ne5 15. h3
Nc4 16. Bxg7 Kxg7 17. Bxc4 bxc4 18. Qd4+ Kg8 19. Qxc4 a4 20. Rfc1 Ba6 21. Qc2
Bxe2 22. Qxe2 e6 23. dxe6 Qxe6 24. Rc2 Rfb8 25. Rac1 Rb7 26. Rd2 Rab8 27. Rcc2
Rb3 28. Kh1 Qe5 29. Rd5 Qf4 30. Rdc5 Rxa3 31. Qd1 Rab3 32. Rxc7 Qf6 33. Ra7 Rxb2
34. Rxa4 Rxc2 35. Qxc2 Rb2 36. Qc7 Rb1+ 37. Kh2 Kg7 38. f4 Rf1 39. e5 Qf5 40.
Qc4 Qb1 41. Qc3 Rc1 42. Rb4 Rxc3 43. Rxb1 h5 44. Rb7 Re3 45. Kg1 Re2 46. Kf1 Re4
47. g3 Kf8 48. Kf2 Ra4 49. Rb3 Ke7 50. Kf3 Ra1 51. g4 Rf1+ 52. Ke3 hxg4 53. hxg4
Re1+ 54. Kf2 Re4 55. Kf3 Re1 56. Rb7+ Ke6 57. Rb6+ Ke7 58. Rb4 Ke6 59. Kf2 Ra1
60. Rb6+ Ke7 61. Kg3 Re1 62. Kh4 Re2 63. Kg5 Re1 64. Rb7+ Ke6 65. f5+ gxf5 66.
gxf5+ Kd5 67. Kf6 Re2 68. Rd7+ 1-0

[Event "40th Olympiad Women"]
[Site "Istanbul TUR"]
[Date "2012.09.05"]
[Round "8.20"]
[Board "3"]
[White "Barbier, Wiebke"]
[Black "Schut, Lisa"]
[Result "0-1"]
[BlackTitle "WIM"]
[WhiteElo "1952"]
[BlackElo "2305"]
[WhiteTeam "Belgium"]
[BlackTeam "Netherlands"]
[WhiteFideId "207977"]
[BlackFideId "1019481"]
[EventDate "2012.08.28"]

1. e4 e6 2. d3 d5 3. Nd2 c5 4. c3 Nc6 5. f4 g6 6. Ngf3 Bg7 7. Be2 Nge7 8. O-O
O-O 9. a4 b6 10. Qe1 Ba6 11. g4 Qd7 12. e5 f6 13. d4 Bxe2 14. Qxe2 cxd4 15. cxd4
fxe5 16. fxe5 Rf4 17. Qb5 Raf8 18. h3 Qe8 19. Qd3 h5 20. gxh5 R4f5 21. hxg6 Nxg6
22. Kh2 Nf4 23. Qc3 Qh5 24. Ng1 Nxd4 25. Re1 Nfe2 26. Qe3 Nc2 27. Rxe2 Nxe3 28.
Rxe3 Rf2+ 29. Kh1 Bxe5 30. Ndf3 R8xf3 31. Nxf3 Qxh3+ 0-1

[Event "40th Olympiad Women"]
[Site "Istanbul TUR"]
[Date "2012.09.05"]
[Round "8.21"]
[Board "1"]
[White "Vovk, Oksana"]
[Black "Munguntuul, Batkhuyag"]
[Result "0-1"]
[WhiteTitle "WIM"]
[BlackTitle "IM"]
[WhiteElo "2159"]
[BlackElo "2434"]
[WhiteTeam "Denmark"]
[BlackTeam "Mongolia"]
[WhiteFideId "1404695"]
[BlackFideId "4900758"]
[EventDate "2012.08.28"]

1. d4 Nf6 2. c4 g6 3. g3 Bg7 4. Bg2 O-O 5. Nc3 d6 6. e4 Na6 7. Nge2 c5 8. d5 Nc7
9. O-O Rb8 10. a4 e6 11. h3 exd5 12. exd5 b6 13. Nb5 a6 14. Nxc7 Qxc7 15. Nc3
Bd7 16. Bd2 h5 17. Re1 Rfe8 18. Qb3 Bf5 19. Kh2 Nd7 20. Rxe8+ Rxe8 21. Re1 Rxe1
22. Bxe1 Ne5 23. Ne4 Qe7 24. Qc2 Nd7 25. b3 Nf6 26. Nxf6+ Bxf6 27. Qd2 a5 28.
Bf3 Qe5 29. Kg2 Kh7 30. Bd1 Qe4+ 31. f3 Qb1 32. Bf2 Bd3 33. Be3 Bc3 34. Qc1 Qa2+
35. Kg1 Be5 36. f4 Bd4 37. Bxd4 cxd4 38. g4 Be4 39. Kf1 Qg2+ 40. Ke1 Bd3 41.
gxh5 Qg1+ 42. Kd2 Qe3# 0-1

[Event "40th Olympiad Women"]
[Site "Istanbul TUR"]
[Date "2012.09.05"]
[Round "8.21"]
[Board "2"]
[White "Batchimeg, Tuvshintugs"]
[Black "Guindy, Esmat"]
[Result "1/2-1/2"]
[WhiteTitle "WGM"]
[BlackTitle "WFM"]
[WhiteElo "2311"]
[BlackElo "2132"]
[WhiteTeam "Mongolia"]
[BlackTeam "Denmark"]
[WhiteFideId "4900839"]
[BlackFideId "1401637"]
[EventDate "2012.08.28"]

1. d4 d5 2. Nf3 Nf6 3. Bf4 Bf5 4. e3 Nbd7 5. c4 c6 6. Qb3 Qb6 7. c5 Qxb3 8. axb3
a6 9. b4 Rc8 10. h3 g6 11. Nc3 Bg7 12. Nd2 Ne4 13. Ndxe4 Bxe4 14. f3 Bf5 15. e4
Be6 16. Be3 dxe4 17. fxe4 f5 18. exf5 gxf5 19. Bd3 O-O 20. O-O f4 21. Bf2 Bf5
22. Bc4+ Kh8 23. Rfe1 Rce8 24. Be6 Bxe6 25. Rxe6 Rf6 26. Re4 Rf5 27. Rae1 e5 28.
Kf1 Kg8 29. dxe5 Rexe5 30. Bd4 Rxe4 31. Rxe4 Ne5 32. Ne2 f3 33. gxf3 Nxf3 34.
Kg2 Nxd4 35. Nxd4 Rd5 36. Nf3 Bxb2 37. Re7 a5 38. Rxb7 axb4 39. Rxb4 Ba3 40.
Rg4+ Kf8 41. Nd4 Bxc5 42. Nxc6 h5 1/2-1/2

[Event "40th Olympiad Women"]
[Site "Istanbul TUR"]
[Date "2012.09.05"]
[Round "8.21"]
[Board "3"]
[White "Fredericia, Louise"]
[Black "Yanjindulam, Dulamsuren"]
[Result "0-1"]
[WhiteTitle "WFM"]
[BlackTitle "WIM"]
[WhiteElo "2091"]
[BlackElo "2232"]
[WhiteTeam "Denmark"]
[BlackTeam "Mongolia"]
[WhiteFideId "1404113"]
[BlackFideId "4900952"]
[EventDate "2012.08.28"]

1. c4 g6 2. Nc3 Bg7 3. g3 e5 4. Bg2 Ne7 5. e4 O-O 6. Nge2 d6 7. O-O Be6 8. d3
Qd7 9. Nd5 c6 10. Nxe7+ Qxe7 11. Be3 Na6 12. Qd2 f5 13. exf5 Rxf5 14. f4 Rff8
15. Rae1 Qd7 16. b3 Bh3 17. Rf2 Bxg2 18. Kxg2 c5 19. Ref1 Rae8 20. Nc3 b6 21.
Ne4 d5 22. cxd5 exf4 23. Rxf4 Rxf4 24. Bxf4 Qxd5 25. Bh6 Nb4 26. Rf3 Nxd3 27.
Bxg7 Kxg7 28. Qxd3 Qxe4 29. Qd7+ Re7 30. Qd2 Rf7 31. Qc3+ Kg8 32. a3 Qe2+ 0-1

[Event "40th Olympiad Women"]
[Site "Istanbul TUR"]
[Date "2012.09.05"]
[Round "8.21"]
[Board "4"]
[White "Ankhchimeg, Bayanmunh"]
[Black "Frank-Nielsen, Marie"]
[Result "1-0"]
[WhiteTitle "WIM"]
[BlackTitle "WFM"]
[WhiteElo "2167"]
[BlackElo "1983"]
[WhiteTeam "Mongolia"]
[BlackTeam "Denmark"]
[WhiteFideId "4900600"]
[BlackFideId "1409344"]
[EventDate "2012.08.28"]

1. e4 c5 2. c3 d6 3. d4 Nf6 4. Bd3 g6 5. Nf3 Bg7 6. Be3 Qc7 7. Qd2 Ng4 8. Bf4 e5
9. dxe5 dxe5 10. Bg3 Nc6 11. Na3 O-O 12. h3 Nf6 13. O-O a6 14. Nc4 Nh5 15. a4
Nxg3 16. fxg3 h6 17. Qf2 b6 18. a5 Nxa5 19. Nxa5 bxa5 20. Nd2 Be6 21. Bc4 Bxc4
22. Nxc4 Qc6 23. Rxa5 Qxe4 24. Rxc5 Qf5 25. Qxf5 gxf5 26. Nxe5 Rad8 27. Nc4 Rfe8
28. Rcxf5 Re4 29. R5f4 Re7 30. g4 Rd5 31. Rf5 Rd8 32. g5 hxg5 33. Rxg5 Re4 34.
Rg4 Re7 35. Rf6 a5 36. Nxa5 Re2 37. Nc4 Rc8 38. Nd6 Ra8 39. Rxf7 Ra1+ 40. Kh2
Kh8 41. Rf5 Rd1 42. Rh5+ Kg8 43. Nf5 1-0

[Event "40th Olympiad Women"]
[Site "Istanbul TUR"]
[Date "2012.09.05"]
[Round "8.22"]
[Board "1"]
[White "Real Pereyra, Diana Carime"]
[Black "Lujan, Carolina"]
[Result "0-1"]
[WhiteTitle "WFM"]
[BlackTitle "IM"]
[WhiteElo "2075"]
[BlackElo "2368"]
[WhiteTeam "Mexico"]
[BlackTeam "Argentina"]
[WhiteFideId "5104106"]
[BlackFideId "109878"]
[EventDate "2012.08.28"]

1. e4 c5 2. Nf3 e6 3. Nc3 a6 4. d4 cxd4 5. Nxd4 b5 6. g3 Bb7 7. Bg2 Nf6 8. O-O
b4 9. Na4 Bxe4 10. Bxe4 Nxe4 11. Re1 Nc5 12. c3 bxc3 13. Nxc3 a5 14. Nf5 Ra6 15.
Bf4 d6 16. Nb5 e5 17. Qd5 Ne6 18. Rad1 Be7 19. Nbxd6+ Bxd6 20. Bxe5 O-O 21. Bxd6
Re8 22. Qb5 Rb6 23. Qe5 Nc6 24. Qc3 Qg5 25. Rd5 Rc8 26. Rc1 h6 27. h4 Qg4 28.
Qd2 Kh7 29. Rxa5 Nxa5 30. Rxc8 Qxf5 31. b4 Nc6 32. Qe3 Ncd4 33. Be7 Rb7 34. Bd6
Rd7 35. Be5 Nf3+ 0-1

[Event "40th Olympiad Women"]
[Site "Istanbul TUR"]
[Date "2012.09.05"]
[Round "8.22"]
[Board "3"]
[White "Mendoza Velazquez, Lorena Alejan"]
[Black "Fernandez, Maria Florencia"]
[Result "1/2-1/2"]
[WhiteTitle "WIM"]
[WhiteElo "1993"]
[BlackElo "2160"]
[WhiteTeam "Mexico"]
[BlackTeam "Argentina"]
[WhiteFideId "5101794"]
[BlackFideId "116459"]
[EventDate "2012.08.28"]

1. d4 Nf6 2. Nf3 g6 3. g3 Bg7 4. Bg2 O-O 5. O-O d6 6. c4 c6 7. Nc3 Qb6 8. e4 Bg4
9. Rb1 e5 10. d5 cxd5 11. cxd5 Na6 12. h3 Bd7 13. Be3 Qd8 14. Nd2 Ne8 15. f3 f5
16. g4 Bf6 17. Qe2 f4 18. Bf2 Bh4 19. Bxh4 Qxh4 20. b4 Rc8 21. Rfc1 Nec7 22. a4
Na8 23. Nc4 Qe7 24. Na5 Be8 25. Bf1 Nb8 26. Qf2 Nb6 27. Bb5 Bf7 28. Nb3 Nc4 29.
Bxc4 Rxc4 30. Na5 Rc7 31. Nb5 Rxc1+ 32. Rxc1 Na6 33. Rc4 b6 34. Nc6 Qf6 35.
Nbxa7 Nb8 36. Kg2 Nd7 37. Nb5 Ra8 38. Nca7 Be8 39. Rc6 Qe7 40. Rc8 Rxc8 41. Nxc8
Qd8 42. Ncxd6 h5 43. Nxe8 Qxe8 44. Qh4 Qc8 45. Qf2 Qc4 46. Qd2 Qb3 47. gxh5 Qxa4
48. Nc7 gxh5 49. Kh2 Kf7 50. Ne6 Qb3 51. Kg2 Qc4 52. h4 Kf6 53. Qb2 Ke7 54. Ng5
Qd3 1/2-1/2